Znane Rzeki - Prawda czy Fałsz - Statystyki

Ogólne statystyki
  • Ten quiz został rozwiązany 104 razy
    102 od ostatniego zresetowania
  • Średni wynik to 11 z 15
Statystyki odpowiedzi
Zagadnienie Odpowiedź % Poprawnych
Amazonka to najdłuższa rzeka w Afryce Fałsz
100%
Nazwy dwóch krajów pochodzą od rzeki Kongo Prawda
97%
Wisła jest najdłuższą rzeką w Polsce Prawda
97%
Tag to najdłuższa rzeka Niemiec Fałsz
94%
Kolorado to także nazwa stanu w Ameryce Prawda
94%
Ganges uważany jest przez Hindusów za „świętą rzekę”. Prawda
94%
Wołga to najdłuższa rzeka w Europie Prawda
86%
Dunaj przepływa przez większość krajów europejskich Fałsz
81%
Huang He nazywany jest żółtą rzeką Prawda
81%
Murray to najdłuższa rzeka Australii Prawda
81%
Nil ma swoje źródła w Egipcie Fałsz
72%
Sekwana jest największą rzeką we Francji Fałsz
58%
Dniestr to najdłuższa rzeka w Ukrainie Fałsz
53%
Tamiza i Severn to największe rzeki Londynu Fałsz
28%
Missipisi przepływa przez osiem stanów Fałsz
22%
Nie znaleziono quizów pasujących do podanych kryteriów
Rozkład punktacji
Procent ludzi z każdym wynikiem
Percentyl według liczby udzielonych odpowiedzi
Twoja historia wyników
Nie rozwiązałeś tego quizu od ostatniego zresetowania